| 000 | 00515nam a22001697a 4500 | ||
|---|---|---|---|
| 999 |
_c8561 _d8561 |
||
| 008 | 201202b ||||| |||| 00| 0 eng d | ||
| 040 | _aBMS College of Architecture | ||
| 100 | _aPravalika, K A | ||
| 245 | _aPragynanam bhrahmam Bengaluru | ||
| 300 | _aNA | ||
| 500 | _a1BM13AT078 | ||
| 502 |
_8B,Arch _NBMS College of Architecture, Visvesvaraya Technological University (VTU) _aProject report _d2017 |
||
| 650 | _aNA | ||
| 700 |
_aBhagyalaxmi Madapur _eGuide |
||
| 700 |
_aSwetha Gowri _eGuide |
||
| 942 |
_2ddc _cTHE |
||